It Happened On December 16th! Quiz Stats

 Plays Quiz Updated Dec 16, 2011

Score 0/16 Timer 05:00
0 Plays Today
Clue Answer % Correct
Disguised as Mohawks, the Sons of Liberty dumped crates of tea into the harbor during this pre-revolutionary uprisingThe Boston Tea Party
82.8%
Death of this founder of KFCColonel Sanders
80.6%
This Italian volcano erupted, killing 4000Mount Vesuvius
76.1%
Don McLean released this 8+ minute songAmerican Pie
72.9%
This man was the first African-American to be named Secretary of StateColin Powell
72.2%
Birthdate of this German composer, as Schroeder would tell youLudwig van Beethoven
70.7%
This compiler of fairy tales diedWilhelm Grimm
68.5%
This author of 'Sense and Sensibility' was bornJane Austen
65%
Clue Answer % Correct
The last recorded eruption of this Japanese mountain took placeMount Fuji
62.7%
He became Lord Protector of the Commonwealth of England, Scotland and IrelandOliver Cromwell
54.8%
Germany began a surprise offensive against Allied Forces in this battleBattle of the Bulge
51.1%
Jean-Bertrand Aristide was elected president in this country's first democratic electionsHaiti
46.6%
The Dennō Senshi Porygonan ('Cyber Soldier Porygon') episode of this anime aired, allegedly inducing seizures in hundreds of Japanese childrenPokémon
46.3%
On Dec 16, this Portuguese explorer, the first European to sail to India, rounded the Cape of Good Hope, surpassing the voyage of Bartolomeu DiasVasco da Gama
43%
This wife of Henry the Eighth was bornCatherine of Aragon
42.5%
This Middle Eastern island state gained independence from British Protectorate status Bahrain
35.6%

You're not logged in!

Compare scores with friends on all Sporcle quizzes.
OR
Log In

Sporcle TV

Today on Sporcle TV


Watch our educational content, quiz creation guides, and fun videos on Sporcle TV.

Show Comments

Extras

Top Quizzes Today


Score Distribution

Your Account Isn't Verified!

In order to create a playlist on Sporcle, you need to verify the email address you used during registration. Go to your Sporcle Settings to finish the process.

Report this User

Report this user for behavior that violates our Community Guidelines.

Details: